Pick the dark (click) Quiz Stats

 Plays Quiz not verified by Sporcle

Challenge
Share
Tweet
Embed
Score 0/16 Timer 01:30
0 Plays Today
% Correct
dark
97.6%
dim
97.6%
night
97.6%
coffee without anything added
97.6%
black
95.2%
obscure
95.2%
murky
95.2%
ignorant
95.2%
% Correct
concealed
95.2%
secret
95.2%
gloomy
92.9%
brunette
90.5%
not in operation
88.1%
faint
85.7%
swarthy
81%
uninformed
81%

You're not logged in!

Compare scores with friends on all Sporcle quizzes.
Join for Free
OR
Log In

You Might Also Like...

Show Comments

Extras

Top Quizzes Today


Score Distribution

Your Account Isn't Verified!

In order to create a playlist on Sporcle, you need to verify the email address you used during registration. Go to your Sporcle Settings to finish the process.

Report this User

Report this user for behavior that violates our Community Guidelines.

Details: